| 000 | 00361nam a2200109Ia 4500 | ||
|---|---|---|---|
| 008 | 220216s9999 xx 000 0 und d | ||
| 100 | _aChim L B | ||
| 245 | 0 | _aRole of dealers, packers and remillers in the 1980s | |
| 260 | _bProceedings of the International Rubber Marketing Conference, 1983, Kuala Lumpur, Malaysia, p174-196 | ||
| 700 | _aEng L K | ||
| 942 | _cJS | ||
| 999 |
_c67166 _d67166 |
||